<?xml version="1.0" encoding="UTF-8"?>
<record
    xmlns:xsi="http://www.w3.org/2001/XMLSchema-instance"
    xsi:schemaLocation="http://www.loc.gov/MARC21/slim http://www.loc.gov/standards/marcxml/schema/MARC21slim.xsd"
    xmlns="http://www.loc.gov/MARC21/slim">

  <leader>02743nam a22001937a 4500</leader>
  <controlfield tag="003">OSt</controlfield>
  <controlfield tag="005">20250803224215.0</controlfield>
  <controlfield tag="008">231017s2019    ag ||||| |||| 00| p spa d</controlfield>
  <datafield tag="020" ind1=" " ind2=" ">
    <subfield code="a">9789871912940</subfield>
  </datafield>
  <datafield tag="040" ind1=" " ind2=" ">
    <subfield code="c">besoc</subfield>
  </datafield>
  <datafield tag="100" ind1="1" ind2=" ">
    <subfield code="a">Bertol&#xE9;, Emilia,</subfield>
    <subfield code="d">(1896-1949),</subfield>
    <subfield code="e">autor</subfield>
  </datafield>
  <datafield tag="245" ind1=" " ind2=" ">
    <subfield code="a">Emilia Bertol&#xE9; :</subfield>
    <subfield code="b">obra po&#xE9;tica y pict&#xF3;rica /</subfield>
    <subfield code="c">Emilia Bertol&#xE9;</subfield>
  </datafield>
  <datafield tag="260" ind1=" " ind2=" ">
    <subfield code="a">Rosario :</subfield>
    <subfield code="b">emr,</subfield>
    <subfield code="c">2019</subfield>
  </datafield>
  <datafield tag="300" ind1=" " ind2=" ">
    <subfield code="a">178 p.</subfield>
  </datafield>
  <datafield tag="505" ind1=" " ind2=" ">
    <subfield code="a">Vida de artista / Nora Avaro -- Obra Po&#xE9;tica : Espejo en sombra: Perfume -- Cansancio -- Septiembre-- Atardecer -- Viaje -- Luna -- Llovizna -- Luna roja -- La noche -- Ma&#xF1;ana clara -- Palabras -- Tarde de oro -- Cuarto -- Ocaso -- Mis manos ciertas veces -- Retrato -- Sensaci&#xF3;n -- Lluvia -- En la noche -- Insomnio -- El viejo libro -- Retrato -- Viento -- Casas -- Pasa un organito -- Lluvia -- Retrato -- Atardecer -- Viaje -- Siesta -- Ante una muerte joven -- Primavera -- El retorno -- Yogi Ramacharaka -- Poemas de los &#xE1;lbunes: En el tranv&#xED;a -- Estaci&#xF3;n -- Tres d&#xED;as seguidos -- Ensue&#xF1;o -- &#xC9;xtasis lunar -- Yo en 1935 -- Cuaderno de tapas de cuerina: A un desconocido -- Retrato -- Viaje -- A un extranjero -- La noche -- La noche en mi terraza -- Nocturno -- Versos a la noche imposible -- Eleg&#xED;a de un sue&#xF1;o -- Pienso en ti tan lejano -- Lacerante perfume de violetas -- Siete escenas en la obra de Emilia Bertol&#xE9; por Ra&#xFA;l D'Amelio --Galer&#xED;a.-</subfield>
  </datafield>
  <datafield tag="520" ind1=" " ind2=" ">
    <subfield code="a">Pintora, poeta, musa de poetas, amiga de Alfonsina Storni y Horacio Quiroga, figura  destacada de la bohemia porte&#xF1;a de los a&#xF1;os 20 del siglo pasado, Emilia Bertol&#xE9; acompa&#xF1;&#xF3; su vida pl&#xE1;stica con una vida de m&#xFA;ltiples artista que contribuyeron a su celebridad. Sin embargo, tras su muerte en 1949, sus poemas, retratos e ilustraciones cayeron en el olvido o  alimentaron, en el mejor de los casos, el mito de la bella artista malograda.
Nuevas lecturas cr&#xED;ticas revalorizan ahora su obra po&#xE9;tica, &#xED;ntima y expresiva, y su arte pict&#xF3;rico singular. En sus retratos, Bertol&#xE9; extrajo de cada uno de sus modelos  -familiares, amigos, pol&#xED;ticos, figuras del mundo del espect&#xE1;culo, mujeres y hombres de la sociedad porte&#xF1;a rosarina- "un car&#xE1;cter", "una respiraci&#xF3;n", un aura extra&#xF1;a que finalmente es su marca registrada en la historia del arte argentino.
Esta edici&#xF3;n contiene Espejo en sombra (1927), un &#xFA;nico libro publicado en vida, una selecci&#xF3;n del resto de su poes&#xED;a y una galer&#xED;a de retratos que integran colecciones privadas y de museos de El Tr&#xE9;bol, Rosario, Santa Fe y Buenos Aires. Incluye adem&#xE1;s un extenso ensayo biogr&#xE1;fico escrito por Nora Avaro, que narra por primera vez e interpreta la vida de la artista. [Nota del editor]</subfield>
  </datafield>
  <datafield tag="650" ind1=" " ind2="4">
    <subfield code="a">Literatura argentina</subfield>
    <subfield code="v">Poes&#xED;a</subfield>
    <subfield code="y">Siglo XX</subfield>
  </datafield>
  <datafield tag="942" ind1=" " ind2=" ">
    <subfield code="2">udc</subfield>
    <subfield code="c">OG</subfield>
    <subfield code="n">0</subfield>
  </datafield>
  <datafield tag="999" ind1=" " ind2=" ">
    <subfield code="c">124</subfield>
    <subfield code="d">124</subfield>
  </datafield>
  <datafield tag="952" ind1=" " ind2=" ">
    <subfield code="0">0</subfield>
    <subfield code="1">0</subfield>
    <subfield code="2">udc</subfield>
    <subfield code="4">0</subfield>
    <subfield code="7">1</subfield>
    <subfield code="8">CG</subfield>
    <subfield code="a">ESOCIALES</subfield>
    <subfield code="b">ESOCIALES</subfield>
    <subfield code="d">2023-10-23</subfield>
    <subfield code="l">0</subfield>
    <subfield code="o">82-1(821.6) B546 Caja 35</subfield>
    <subfield code="p">000003</subfield>
    <subfield code="r">2023-10-23 00:00:00</subfield>
    <subfield code="t">1</subfield>
    <subfield code="w">2023-10-23</subfield>
    <subfield code="y">OG</subfield>
  </datafield>
</record>
